000 00605nam a2200217Ia 4500
999 _c53143
_d53143
001 20182
003 GE_BSU
005 20250715120156.0
008 181216s2013||||enk|||||||||||||| ||eng||
020 _a9780194771047
040 _cGE_BSU
080 _a811.111(075.8) S-70
100 _aSoars Liz & John
_925643
245 _aNew Headway. Beginner Students book /
_cSoars Liz & John.
264 _aNew York :
_bOxford University Press,
_c2013.
300 _a144 p. :
_bill. ;
_c29 cm.
_e+3 CD
541 _h14 gel.
653 _aNew Headway
653 _aBeginner Workbook with key
942 _cBK
_2udc